000 00784nam a22002297a 4500
005 20240530110924.0
008 180910s1989 ua g b 000 0 ara d
040 _aEG-CaGPL
_cEG-CaGPL
082 0 4 _221
_a346.02 /
_bس م
100 0 _aسمير كامل
245 1 2 _aمفهوم البلد الواحد فى قانون ايجار الاماكن /
_cتأليف سمير كامل
250 _aط.1
260 _aالقاهرة :
_bدار النهضة العربية،
_c1989
300 _a241 ص. ؛
_c24 سم.
650 0 7 _2qrmak
_aالوحدات السكنية
650 0 7 _2qrmak
_aالقانون المدنى
650 0 7 _2qrmak
_aالايجارات
650 0 7 _2qrmak
_aالمستاجر
651 _2qrmak
942 _2ddc
_cBK
999 _c66541
_d66541